Представление документа в формате RUSMARC

ПолеНазваниеЗначение
  Тип записи a
  Библиографический уровень m
001 Контрольный номер RU\NLR\BIBL_A\011927674
005 Дата корректировки 20230707133311.9
010 Индекс ISBN __
a ISBN 978-5-906986-71-9
9 Тираж 4000
d Цена 327-91
021 № государственной регистрации __
a Код страны RU
b № документа 2018-99858
035 Другие системные номера __
a Идентификатор записи (RuMoRGB)009848156
100 Данные общей обработки __
a Данные общей обработки 20190205d2019 u y0rusa0189 ca
101 Язык документа 1_
a Язык текста rus
c Язык оригинала eng
102 Страна публикации __
a Страна публикации RU
105 Кодированные данные (монография) __
a Кодированные данные (монография) y|||zzzz000ay
200 Заглавие и сведения об ответственности 1_
a Заглавие Меня зовут Сол
e Сведения, относящиеся к заглавию [роман]
f Первые сведения об ответственности Мик Китсон
g Последующие сведения об ответственности [перевела с английского Ирина Нечаева]
210 Выходные данные 1_
a Место издания Санкт-Петербург
c Издательство Аркадия
d Дата издания 2019
215 Физическое описание __
a Объем 221, [2] с.
d Формат 21
225 Серия (Журнальная рубрика) 1_
a Серия (Журнальная рубрика) Перекрестки
333 Примечание о целевом назначении __
a Примечание о целевом назначении 16+
606 Тематические рубрики __
a Основная рубрика Художественная литература
606 Тематические рубрики __
a Основная рубрика Литература Европы (произведения)
610 Ключевые слова 0_
a Ключевые слова английская литература
a Ключевые слова романы
686 Индексы других классификаций __
a Индекс ББК 84(4Вел)6-4
v Номер издания LBC/SL
2 Код системы rubbk
700 Автор _1
a Фамилия Китсон
b Имя М.
g Полное личное имя Мик
3 Контрольный № нормативной записи RU\NLR\AUTH\770203494
801 Источник записи _0
a Страна RU
b Организация NLR
c Дата составления 20190205
g Правила каталогизации RCR
801 Источник записи _1
a Страна RU
b Организация NLR
c Дата составления 20190205
2 Код формата rusmarc
801 Источник записи _2
a Страна RU
b Организация NLR
c Дата составления 20190327
2 Код формата rusmarc
852 Данные о местонахождении __
j Шифр хранения 84(4Вел)6
i Авторский знак К 455
901 Тип документа __
t Тип документа m
902 Роль лиц __
b Редактор БЗ ОКиО/Шумских